Events of Modern China by Picture - Statistics

General Stats
  • This quiz has been taken 11 times
    10 since last reset
  • The average score is 7 of 21
Answer Stats
Picture Answer % Correct
Hong Kong Handover
71%
Battle of Shanghai
57%
Cultural Revolution
57%
Second Opium War
57%
1989 Tiananmen Square Protests
43%
Korean War
43%
Long March
43%
May 4th Movement
43%
Xinhai Revolution
43%
Boxer Rebellion
29%
First Sino-Japanese War
29%
Great Leap Forward
29%
Lin Biao Incident
29%
Trial of the Gang of Four
29%
February 28th Incident
14%
Huanggutun Incident
14%
Mukden Incident
14%
Nanjing Massacre
14%
Northern Expedition
14%
Southern Tour
14%
Xidan Democracy Wall
14%
No matching quizzes found
Score Distribution
Percent of People with Each Score
Percentile by Number Answered
Your Score History
You have not taken this quiz since the last reset